000 00396nam a2200169Ia 4500
001 6329
003 IN-NITTTR
005 20251114233017.0
008 251113s9999||||xx |||||||||||||| ||eng||
040 _beng
040 _cIN-NITTTR
041 _aeng
082 _a150 C881E
100 _aCronbach, Lee J.
245 0 _aEssentials of psychological testing /
_cCronbach, Lee J.
942 _2ddc
_cBK
999 _c8967
_d8967